[Event "17th Prague Open 2018"]
[Site "Prague"]
[Date "2018.01.17"]
[Round "7"]
[White "Akshat, Khamparia"]
[Black "Jurcik, Marian"]
[Result "1/2-1/2"]
[WhiteElo "2381"]
[BlackElo "2460"]
[Annotator "TA"]
[PlyCount "34"]
[EventDate "2018.??.??"]
[EventType "swiss"]
[EventCountry "CZE"]
[SourceTitle "playchess.com"]
[Source "ChessBase"]
[SourceQuality "1"]

{[%evp 9,34,6,2,0,18,13,12,17,22,18,51,16,16,14,7,0,20,-18,19,20,29,-32,-30,-20,0,0,14]} 1. d4 e6 2. c4 Nf6 3. Nc3 Bb4 4. Qc2 O-O 5. e4 d6 6. Bd3 {E32: Nimzo-Indian: Classical (4 Qc2): 4...0-0} (6. e5 dxe5 7. dxe5 Ng4 8. a3 Bc5 9. Ne4 Bd4 10. Nf3 Nxe5 11. Nxd4 Qxd4 12. Be3 Qd7 13. Be2 f5 14. f4 {½-½ (38) Fier,A (2636)-Nisipeanu,L (2667) Linares 2015}) 6... e5 7. d5 c6 $146 ({Find the theoretical novelty and annotate with similar games:} 7... a5 8. Nge2 Nbd7 9. Ng3 Nc5 10. O-O Nxd3 11. Qxd3 Bc5 12. h3 Ne8 13. Be3 Bxe3 14. Qxe3 {1-0 (40) Pixton,A (2462)-Morrison,G (2347) Hinckley Island 2009}) 8. Nge2 cxd5 9. cxd5 a6 10. h3 Nbd7 11. a3 Bc5 12. g4 b5 13. Ng3 b4 14. axb4 Bxb4 15. g5 (15. Be2 $11) 15... Ne8 $15 16. h4 Nc5 17. Be2 Nc7 1/2-1/2

[Event "17th Prague Open 2018"]
[Site "Prague"]
[Date "2018.01.17"]
[Round "7"]
[White "Chekletsov, Ilya"]
[Black "Low, Zhen Yu Cyrus"]
[Result "1-0"]
[WhiteElo "2373"]
[BlackElo "2437"]
[Annotator "TA"]
[PlyCount "73"]
[EventDate "2018.??.??"]
[EventType "swiss"]
[EventCountry "CZE"]
[SourceTitle "playchess.com"]
[Source "ChessBase"]
[SourceQuality "1"]

{[%evp 13,73,-28,-16,-28,-20,-70,-43,-76,-39,-99,-12,-12,-29,-61,-36,-47,-15,-34,50,50,52,50,50,45,58,53,66,64,56,78,54,67,83,83,58,95,108,105,127,125,145,129,218,182,202,173,795,648,576,608,520,389,369,377,379,366,1264,1260,29991,29992,29992,29993]} 1. d4 Nf6 2. c4 e6 3. g3 d5 4. Bg2 dxc4 5. Nf3 Nc6 6. O-O Rb8 7. a4 b6 8. Bg5 {E04: Open Catalan: 5 Nf3} (8. Nbd2 Ba6 9. Ne5 Nxe5 10. dxe5 Nd5 11. Qc2 Bc5 12. Qe4 c3 13. Nb3 O-O 14. Bf3 f5 15. Qc2 cxb2 16. Bxb2 {0-1 (27) Lei,T (2455)-Tan,Z (2487) Wuxi 2015}) 8... Be7 9. e3 O-O 10. Qe2 $146 {Black is slightly better.} ({Find the theoretical novelty and annotate with similar games:} 10. Nfd2 Na5 11. Qc2 Ba6 12. Rd1 h6 13. Bxf6 Bxf6 14. Na3 Qe7 15. Naxc4 Nxc4 16. Nxc4 {½-½ (32) Splosnov,S (2355)-Lahner,J (2314) Brno 2008}) 10... Ba6 {[#]} 11. Nc3 (11. b3 $1 $15 {[%mdl 512]}) 11... h6 ({Better is} 11... Nd5 $1 $17 12. Bxe7 Qxe7) 12. Bxf6 $1 $11 Bxf6 13. Rad1 Qc8 14. Nd2 Na5 15. f4 c5 (15... Be7 $15) 16. Nde4 $14 Be7 17. d5 $1 exd5 $1 18. Nxd5 Re8 {...c3! is the strong threat.} 19. Nec3 {[%mdl 1024] White has compensation.} Bf8 20. Qh5 Bb7 21. Bh3 Qd8 {[#]} 22. Bd7 $1 {[%mdl 512]} Re6 ({But not} 22... Qxd7 $2 23. Nf6+ $1 {[%mdl 512]} gxf6 24. Rxd7 $18) 23. Bxe6 fxe6 24. Nb4 $1 Qc8 25. Nc2 $1 a6 26. Qg6 $1 ({Don't play} 26. e4 b5 $14) 26... Qc6 {[%csl Gb7][%cal Rc6g2]} 27. e4 b5 (27... Qe8 $16 {was necessary.} 28. Qxe8 Rxe8) 28. axb5 axb5 29. f5 $40 {[%mdl 128] White goes for the king.} b4 $2 (29... Qe8) 30. f6 {White wants to mate with fxg7.} Qc7 31. fxg7 $1 Bxg7 32. Qxe6+ Kh8 {[#]} 33. Nd5 $1 {[%cal Rd5c7]} Qe5 {[#]} 34. Qg6 $1 {aiming for Nf6.} (34. Qxe5 Bxe5 35. Rb1 Nb3 $14) 34... Qe8 $2 (34... Qg5 35. Qb6 Nc6 36. Qxc5 Qe5 37. Qxc4 b3) 35. Rf7 $18 {[%csl Gf7][%cal Rg6g7]} Qg8 36. Nf6 Bxe4 37. Qxe4 {Precision: White = 64%, Black = 36%.} 1-0

[Event "17th Prague Open 2018"]
[Site "Prague"]
[Date "2018.01.17"]
[Round "7"]
[White "Szpar, Milosz"]
[Black "Pushkov, Nikolai"]
[Result "1/2-1/2"]
[WhiteElo "2367"]
[BlackElo "2298"]
[Annotator "TA"]
[PlyCount "70"]
[EventDate "2018.??.??"]
[EventType "swiss"]
[EventCountry "CZE"]
[SourceTitle "playchess.com"]
[Source "ChessBase"]
[SourceQuality "1"]

{[%evp 16,70,56,27,37,18,20,21,19,22,37,36,42,36,75,70,56,72,68,72,80,81,81,77,71,75,77,83,85,88,86,81,91,92,99,92,122,120,121,62,66,59,59,55,63,65,72,75,73,12,12,12,12,0,0,0,13]} 1. e4 e6 2. d4 d5 3. Nd2 a6 4. Ngf3 c5 5. dxc5 Bxc5 6. Bd3 Nc6 7. O-O Nf6 8. exd5 Qxd5 9. Nb3 {LiveBook: 3 Games. C07: French Tarrasch: 3...c5, 4 Ngf3 and 4 exd5 Qxd5} (9. Qe2 Nb4 10. Be4 Qd8 11. c4 Qc7 12. Bb1 b6 13. Ne4 Bb7 14. Rd1 Be7 15. b3 Nxe4 16. Bxe4 Bf6 17. Bxb7 Qxb7 {½-½ (65) Bulski,K (2523)-Socko,B (2636) Warsaw 2012}) 9... Ba7 10. c4 Qd8 11. Qe2 $146 ({Predecessor:} 11. Bg5 h6 12. Bh4 Nb4 13. Bb1 Qxd1 14. Rxd1 g5 15. Bg3 Nc6 16. Bd6 Bb8 17. Ba3 Ne5 18. Nxe5 {½-½ (18) Mus,R-Orlik,A Poland 1991}) 11... O-O 12. Bg5 e5 13. Rad1 Qe7 14. Rfe1 Bg4 15. h3 Bxf3 16. Qxf3 h6 17. Bxf6 Qxf6 18. Qxf6 gxf6 19. Be4 Nd4 20. Na5 Rab8 21. Nxb7 Rfc8 22. b3 Rc7 23. Nd6 Bc5 24. Nf5 Nxf5 25. Bxf5 Bd4 26. Re4 a5 27. Rh4 ({White should play} 27. Rg4+ $16 Kf8 28. Rh4) 27... a4 $1 $14 28. Rd3 axb3 29. axb3 Rcb7 30. Rxh6 {Rg3+ is the strong threat.} Rxb3 31. Rxb3 Rxb3 {KRB-KRB} 32. Be4 (32. Rxf6 $16 {White wants to play Be4.} Kg7 33. Rd6) 32... Kg7 $11 {The position is equal.} 33. Rh7+ Kg8 $1 34. Rh6 Kg7 35. Rh7+ Kg8 $1 {Precision: White = 58%, Black = 78%.} 1/2-1/2

[Event "17th Prague Open 2018"]
[Site "Prague"]
[Date "2018.01.17"]
[Round "7"]
[White "Melamed, Tatjana"]
[Black "Hainke, Guntram"]
[Result "1/2-1/2"]
[WhiteElo "2347"]
[BlackElo "2283"]
[Annotator "TA"]
[PlyCount "63"]
[EventDate "2018.??.??"]
[EventType "swiss"]
[EventCountry "CZE"]
[SourceTitle "playchess.com"]
[Source "ChessBase"]
[SourceQuality "1"]

{[%evp 23,63,40,42,0,0,-67,-51,-82,-73,-62,-59,-86,-78,-89,-83,-90,-56,-64,-70,-66,-34,-41,0,0,0,-5,0,-18,137,139,143,102,137,0,0,-84,-84,-86,-68,-61,0,-97]} 1. e4 Nf6 2. e5 Nd5 3. c4 Nb6 4. c5 Nd5 5. d4 e6 6. Nf3 d6 7. cxd6 cxd6 8. Bc4 Nc6 9. O-O Be7 10. exd6 Qxd6 11. Nc3 Nxc3 12. bxc3 O-O {LiveBook: 73 Partien} 13. Ng5 {B22: Sizilianisch (Alapin 2.c3)} (13. Re1 Qd8 14. Qe2 b6 15. d5 Na5 16. dxe6 Nxc4 17. exf7+ Kh8 18. Qxc4 Bb7 19. Ne5 Bd6 20. Bf4 Rc8 21. Qe6 Qf6 22. Ng6+ Qxg6 23. Qxg6 hxg6 24. Bxd6 Rxf7 {½-½ (86) Jones,G (2660)-Cori Tello,J (2641) Tbilisi 2017}) 13... e5 {[%cal Be6e5,Be5e4][%mdl 32]} 14. d5 (14. dxe5 $11 Qxe5 15. Re1 Qxc3 16. Bxf7+ Rxf7 17. Nxf7 Kxf7 18. Rb1) 14... Na5 $15 15. Ne4 {Schwarz steht etwas besser.} Qg6 16. Bd3 $146 ({Vorgänger:} 16. d6 Bd8 17. Bd5 Bg4 18. Qd3 Bf5 19. Be3 Kh8 20. Rab1 Bxe4 21. Bxe4 {1-0 (34) Brady,S (2353)-Brady,C (2046) Greystones 2002}) 16... f5 17. Ng3 Bd6 18. f4 e4 19. Be2 Bc5+ 20. Kh1 b6 21. Bb2 Bd7 22. c4 Rac8 23. Rc1 {[%cal Ba1c1,Bc1c3,Bc3g3][%mdl 32]} Nb7 24. Nh5 Rf7 25. Rc3 {[#] Droht stark Tg3.} Qd6 $2 ({Besser ist} 25... e3 $1 $11) 26. Rg3 $16 g6 27. Qd2 Kf8 {[#]} 28. Qc3 ({Günstiger ist} 28. Be5 $1 $16 {[%cal Re5d6]} Qe7 29. Qb2) 28... Ke7 $36 {[%mdl 2048] Schwarz steht aktiver.} 29. Ng7 (29. Qe5+ $11 Kd8 30. Nf6) 29... Rg8 $17 30. Nh5 Rff8 31. Ng7 Rf7 32. Nh5 $1 {Precision: Weiß = 49%, Schwarz = 50%.} 1/2-1/2

[Event "17th Prague Open 2018"]
[Site "Prague"]
[Date "2018.01.17"]
[Round "7"]
[White "Thakur, Akash"]
[Black "Michalczak, Thomas"]
[Result "1/2-1/2"]
[WhiteElo "2338"]
[BlackElo "2208"]
[Annotator "TA"]
[PlyCount "75"]
[EventDate "2018.??.??"]
[EventType "swiss"]
[EventCountry "CZE"]
[SourceTitle "playchess.com"]
[Source "ChessBase"]
[SourceQuality "1"]

{[%evp 25,75,0,14,6,6,0,30,0,18,0,28,6,35,10,10,7,12,0,0,0,0,0,0,-10,-16,-10,-35,-61,-65,-52,-56,-69,-67,-133,-103,-93,-102,-117,-74,-77,-69,-69,-70,-61,-61,-206,-200,-157,-82,-77,-83,-75]} 1. e4 e5 2. Nf3 Nc6 3. Nc3 Nf6 4. d4 exd4 5. Nxd4 Bb4 6. Nxc6 bxc6 7. Bd3 O-O 8. O-O d5 9. exd5 cxd5 10. h3 {C47: Scotch Four Knights and Four Knights with 4 g3} (10. Bg5 c6 11. Na4 h6 12. Bh4 Re8 13. c4 dxc4 14. Bxc4 Qxd1 15. Rfxd1 g5 16. Bg3 Ne4 17. a3 Bf8 18. Rac1 Nxg3 19. hxg3 Rb8 20. b4 Bf5 21. Bd3 Bxd3 22. Rxd3 {½-½ (36) Artemiev,V (2691)-Carlsen,M (2837) Riadh 2017}) 10... c6 11. Qf3 Bd6 12. Bf4 Be6 13. Ne2 c5 {LiveBook: 4 Games} 14. c3 Rb8 15. b3 a5 16. Rfd1 $146 {[%cal Bf1d1,Bd1d2,Bd2e2][%mdl 32]} ({Predecessor:} 16. Bc2 Re8 17. Rad1 Rb6 {0-1 (47) Jerez Perez,A (2405)-Santos Latasa,J (2542) Escaldes 2017}) 16... Qc7 17. Bc2 Be5 18. Rd2 h6 19. Bxe5 Qxe5 20. Nf4 Rb4 21. Re2 (21. cxb4 {keeps more tension.} Qxa1+ 22. Rd1 Qxa2 23. Qe2 Qa3 24. bxc5 Qxc5 25. Nxe6 fxe6 26. Qxe6+ Kh8 27. Qe2) 21... Qxf4 22. cxb4 Qxf3 23. gxf3 axb4 24. h4 Nh5 25. Rd2 Ra8 26. Bd3 Nf4 {[%mdl 1024] Black has compensation.} 27. Bf1 Ra5 28. Rc1 Bf5 29. Kh2 (29. Ra1 $1 $15) 29... g5 30. hxg5 hxg5 31. Re1 Kg7 32. Re7 Bb1 33. Rb2 $1 {[%cal Rb2b1]} Kf6 34. Rc7 Bf5 35. Rc6+ (35. Rd2 $15) 35... Ke5 $19 36. Rd2 Bd7 (36... Bb1 $142 37. Kg3 Rxa2 38. Rxa2 Bxa2 39. Rxc5 Kd4) 37. Rb6 $17 Ra8 38. Kg1 {Precision: White = 40%, Black = 53%.} 1/2-1/2

[Event "17th Prague Open 2018"]
[Site "Prague"]
[Date "2018.01.17"]
[Round "7"]
[White "Luukkonen, Tommi"]
[Black "Pena Gomez, Manuel"]
[Result "0-1"]
[WhiteElo "2331"]
[BlackElo "2491"]
[Annotator "TA"]
[PlyCount "154"]
[EventDate "2018.??.??"]
[EventType "swiss"]
[EventCountry "CZE"]
[SourceTitle "playchess.com"]
[Source "ChessBase"]
[SourceQuality "1"]

{[%evp 10,154,28,3,33,31,41,41,76,42,44,50,73,45,74,74,85,83,78,76,100,85,133,94,89,90,93,94,120,14,12,-108,-79,-76,-63,-68,-54,-43,-13,-206,-81,-322,-110,-314,-296,-287,-308,-383,-393,-375,-323,-538,-464,-628,-394,-580,-421,-806,-292,-289,-338,-273,0,-116,0,0,0,0,0,0,364,373,340,339,306,-116,-88,-154,-58,-58,-59,-58,-58,-58,-57,-58,-57,-58,-58,-56,-56,-57,-58,-101,-102,-146,-20,-25,-28,-28,-29,-29,-27,-20,-12,-16,-12,-18,-21,-58,-53,-83,-71,-169,-162,-165,-170,-201,-213,-175,-91,-114,-104,-95,-97,-94,-33,-29,-31,-29,-22,-25,-41,-78,-85,-455,-437,-434,-71,-4284,-4566,-6114,-670,-6114,-4627,-4574,-220]} 1. d4 Nf6 2. c4 g6 3. f3 Bg7 4. e4 d6 5. Ne2 O-O 6. Nec3 {LiveBook: 14 Games. E60: King's Indian: Unusual lines and Fianchetto Variation without Nc3} (6. Nbc3 c6 7. Be3 Nbd7 8. Qd2 a6 9. c5 b5 10. cxb6 Nxb6 11. Nf4 a5 12. Be2 Nfd7 13. O-O Ba6 14. Bxa6 Rxa6 15. Qe2 Qa8 16. Rac1 {1-0 (46) Wojtaszek,R (2750)-Van Wely,L (2695) Wijk aan Zee 2017}) 6... Nbd7 7. Bg5 e5 8. d5 {White is slightly better.} a5 $146 ({Predecessor:} 8... h6 9. Bh4 a6 10. Na3 Qe8 11. Qd2 Nh5 12. O-O-O Nc5 {½-½ (45) Wallace,J (2394)-Bejtovic,J (2392) Gothenburg 2013}) 9. Nb5 Nc5 10. N1c3 h6 11. Bh4 Qd7 12. Qd2 Ne8 13. Be2 c6 14. Na3 Qc7 15. g4 a4 16. Rg1 Kh7 17. O-O-O Qa5 18. Kb1 Ra6 19. Be7 ({White should try} 19. Bf2 $16) 19... Rg8 $11 20. Qc2 (20. Qe3 $11) 20... g5 21. h4 Qc7 22. Bxg5 hxg5 23. hxg5 Bh8 24. f4 $2 (24. Rh1+ $11 Kg7 25. Bf1) 24... Rg6 (24... exf4 $19 25. dxc6 (25. Rh1+ $2 Kg7 $19) 25... bxc6) 25. Bf3 $2 (25. f5 $17 {was necessary.} Rxg5 26. Rh1+ Kg8 27. Qd2) 25... Kg8 $2 (25... exf4 $19 {and Black stays clearly on top.} 26. Qh2+ Kg8) 26. Rh1 $2 (26. f5 $17 {keeps fighting.} Rxg5 27. Rh1) 26... exf4 $19 27. Rxh8+ Kxh8 28. e5 dxe5 29. Qf2 Qb6 30. Nc2 $2 (30. Qe1 {was forced.} Nd7 31. Be4) 30... Kg8 31. Qh4 Ra8 32. Be4 (32. a3 $142) 32... Rg7 33. Bf5 (33. Rh1 $142 Kf8 34. Qh8+ Rg8 35. Qh6+ Ke7 36. dxc6) 33... Qd8 $2 (33... Bxf5 34. gxf5 Rh7) 34. Rh1 {[%csl Gh1][%cal Rh4h8]} Kf8 35. Qh8+ Ke7 $2 (35... Rg8 $19 36. Qh6+ Ng7 37. dxc6 Be6) 36. Rd1 (36. Nb4 $1 $11) 36... Bxf5 (36... Rxg5 $6 37. dxc6 Bxf5 38. Qxe5+ Kf8 39. gxf5 $11) (36... Bd7 $1 $17 {Threatens to win with ...Qb6.} 37. d6+ Nxd6 38. Qxg7 Qh8 39. Qf6+ Qxf6 40. gxf6+ Kxf6 41. Rxd6+ Ke7) 37. gxf5 $11 Rxg5 38. Qxe5+ Kf8 39. dxc6 Qf6 $2 {[%mdl 8192]} (39... Nd3 $11 {and Black stays safe.} 40. Qh8+ Rg8 41. Qh6+ Rg7) 40. Qxc5+ $18 Qe7 41. Qd4 bxc6 42. Ne4 $2 (42. Re1 $18 Qd8 43. Qh8+ (43. Qxf4 a3 $11) 43... Rg8 44. Qh6+ Rg7 45. Ne4 (45. Rxe8+ Kxe8 46. Qh8+ Ke7 $18)) 42... Rh5 $1 $17 43. f6 {[#]} (43. a3 $142) 43... Qe5 ({Better is} 43... Qd8 $1 $17 {[%mdl 512] Hoping for ...c5!} 44. Qg1 (44. Qxd8 Rxd8) 44... Qa5) 44. Qxe5 $1 $15 Rxe5 45. Rh1 {[%cal Rh1h8]} Kg8 46. Rg1+ Kh7 $1 47. Ng5+ Kg6 48. Nf3+ Kxf6 49. Nxe5 Kxe5 {[%mdl 4096] Endgame KRN-KRN} 50. Re1+ Kf6 51. Nd4 Nd6 $1 52. c5 Nb7 (52... Nc4 $1 $17 {aiming for ...Rd8.} 53. Kc2 Ne3+ 54. Kc3 Rh8) 53. Rf1 $11 Nxc5 54. Rxf4+ Ke5 55. Rh4 Kd5 56. Nc2 Ne6 57. Ne3+ Kd6 58. Nc4+ Kc5 59. Kc2 f5 60. Kc3 Rg8 61. Na3 (61. Ne5 $17) 61... Rg3+ 62. Kd2 Nd4 63. Rf4 Kd5 64. Nb1 Rg2+ (64... c5 $19 {White must now prevent ...Rg2+.} 65. Nc3+ Ke5) 65. Kd3 $17 c5 $1 {[%cal Rc5c4] And now ...c4+ would win.} 66. Nc3+ Ke5 67. Rh4 f4 (67... Rg3+ $17 68. Kc4 Rg4) 68. Rh5+ $15 Nf5 69. Nxa4 f3 {[%cal Bf4f3,Bf3f2][%mdl 32] ...c4+ is the strong threat.} 70. Nxc5 Rxb2 71. Ne4 Kf4 ({Reject} 71... Rxa2 72. Ng3 $11) 72. Nd2 $2 {[%mdl 8192]} (72. Nc3 $17 {is tougher.}) 72... f2 $19 73. Rh1 {[#]} Ng3 $2 (73... Rb4 $1 $19 {has better winning chances. Strongly threatening ...Rd4+.} 74. Rc1 Rd4+ 75. Ke2 Kg3) 74. Ra1 $2 {[%mdl 8192]} (74. Rh4+ $17 Kf5 75. Rh8) 74... Rb8 {Black is clearly winning.} 75. Rd1 Ra8 (75... Re8 $142 76. Rb1 Re1 77. Rb4+ {[#]} Ne4 $1 {[%mdl 512]}) 76. Ra1 Rd8+ 77. Kc3 Ke5 $2 {Precision: White = 35%, Black = 34%.} (77... Re8 78. Rb1 Re1) 0-1

[Event "17th Prague Open 2018"]
[Site "Prague"]
[Date "2018.01.17"]
[Round "7"]
[White "Sergienko, Sergey"]
[Black "Krivanek, Vladimir"]
[Result "0-1"]
[WhiteElo "2329"]
[BlackElo "2076"]
[Annotator "TA"]
[PlyCount "82"]
[EventDate "2018.??.??"]
[EventType "swiss"]
[EventCountry "CZE"]
[SourceTitle "playchess.com"]
[Source "ChessBase"]
[SourceQuality "1"]

{[%evp 22,82,3,-28,-22,-46,-44,-47,17,-34,-13,6,6,4,68,50,95,94,89,0,0,0,0,0,0,0,0,0,54,58,89,50,42,-89,-82,-95,-99,-95,-85,-98,-98,-95,-83,-135,-109,-135,-150,-139,-70,-87,0,0,0,-49,-68,-321,-329,-1216,-1215,-1201,-1153,-5093,-4202]} 1. Nf3 b6 2. e4 Bb7 3. d3 c5 4. g3 Nc6 5. Bg2 g6 6. O-O Bg7 7. c3 d5 8. Nbd2 e6 9. Re1 Nge7 10. Qe2 h6 {A08: King's Indian Attack} 11. h4 {[%cal Bh2h4,Bh4h5][%mdl 32]} Qd7 12. Nf1 {LiveBook: 3 Games} d4 {Black has an edge.} 13. c4 e5 14. h5 O-O-O $146 (14... g5 $15) ({Predecessor:} 14... g5 15. N3h2 Nd8 16. a3 a5 17. Rb1 Ne6 18. Bh3 {1-0 (44) Titov,G (2490)-Khait,A Warsaw 1992}) 15. N3h2 (15. Bd2 $11) 15... Kb8 16. a3 Bc8 17. Bd2 Ng8 (17... Na5 $11) 18. b4 gxh5 19. bxc5 bxc5 20. Nf3 (20. Qxh5 $16 Nf6 21. Rab1+ Kc7 22. Qd1) 20... Bf6 $1 $11 21. Reb1+ Ka8 $1 22. Qd1 Nge7 23. Rb5 Qd6 $1 24. Qa4 Rhg8 (24... Be6 $11) 25. Rab1 $14 Rg6 26. Ba5 Nxa5 {[#]} 27. Rb8+ $1 {[%mdl 512]} Qxb8 $17 28. Rxb8+ Kxb8 29. Qxa5 Nc6 30. Qxc5 Kc7 $1 {Strongly threatening ...a6.} 31. Qb5 Bd7 32. Nh4 (32. Qb2 $142) 32... Rb8 33. Qa4 ({Don't go for} 33. Qc5 $2 Be7 $19) 33... Bxh4 $1 34. gxh4 Rb1 (34... Rb2 $17 35. Ng3 Rb1+ 36. Kh2 Rb2) 35. Qc2 $15 {[#]} Ra1 $40 {[%mdl 128] Black has some attack.} (35... Rb6 $1 $17) 36. Qb2 $11 Rd1 {Hoping for ...Bh3.} 37. Qe2 Rc1 38. Qf3 $2 {[%mdl 8192]} (38. Kh2 $1 $15) 38... f6 $19 39. Qxh5 $2 (39. Kh1 Bg4 40. Qg3) 39... Ne7 {Black is clearly winning.} 40. Qe2 Bg4 41. Qd2 {[#]} Bf3 $1 {[%mdl 512] Precision: White = 44%, Black = 58%.} 0-1

[Event "17th Prague Open 2018"]
[Site "Prague"]
[Date "2018.01.17"]
[Round "7"]
[White "Mishuchkov, Nikolai M"]
[Black "Lalic, Bogdan"]
[Result "1/2-1/2"]
[WhiteElo "2303"]
[BlackElo "2415"]
[Annotator "TA"]
[PlyCount "40"]
[EventDate "2018.??.??"]
[EventType "swiss"]
[EventCountry "CZE"]
[SourceTitle "playchess.com"]
[Source "ChessBase"]
[SourceQuality "1"]

{[%evp 19,21,-1,5,-3]} 1. d4 Nf6 2. Nf3 g6 3. g3 c5 4. c3 b6 5. Bg2 Bb7 6. O-O Bg7 7. Qb3 cxd4 8. Ne5 d5 9. cxd4 O-O 10. Nc3 Nc6 {LiveBook: 9 Games. A49: 1 d4 Nf6 2 Nf3 g6 3 g3: Anti-King's Indian systems} 11. Nxc6 {Predecessor:} Bxc6 $146 12. Bf4 e6 13. Be5 Rc8 14. e3 h5 15. Bxf6 Bxf6 16. Rfc1 Be7 17. Bf1 Bb7 18. Ne2 Rb8 19. Qa4 a6 20. Nf4 Bd6 {½-½ (48) Jesse,I (2387)-Kovalenko,I (2636) Riga 2017} 1/2-1/2

[Event "17th Prague Open 2018"]
[Site "Prague"]
[Date "2018.01.17"]
[Round "7"]
[White "Nitish Belurkar"]
[Black "Mihajlov, Sebastian"]
[Result "0-1"]
[WhiteElo "2270"]
[BlackElo "2371"]
[Annotator "TA"]
[PlyCount "72"]
[EventDate "2018.??.??"]
[EventType "swiss"]
[EventCountry "CZE"]
[SourceTitle "playchess.com"]
[Source "ChessBase"]
[SourceQuality "1"]

{[%evp 15,72,0,-10,-22,0,-19,-19,-24,-17,-29,84,-26,-37,-41,-19,-41,-31,-49,-49,-37,-43,-43,-34,-33,-16,-20,-19,-42,-42,-52,-43,-49,-31,-52,-48,-150,-150,-176,-161,-159,-151,-175,-171,-195,-194,-196,-138,-149,-137,-219,-217,-300,-300,-293,-254,-285,-260,-29991,-29992]} 1. d4 Nf6 2. Nf3 g6 3. Bg5 Bg7 4. Nbd2 O-O 5. c3 d6 6. e4 h6 7. Bh4 c5 8. dxc5 dxc5 9. Bc4 {A48: 1 d4 Nf6 2 Nf3 g6: Torre, London and Colle Systems} Nh5 10. O-O Nc6 11. Re1 {The position is equal.} (11. a4 Qc7 12. Bg3 Nxg3 13. hxg3 Na5 14. Ba2 Bg4 15. Nc4 Rad8 16. Qe2 Nxc4 17. Bxc4 Rd7 {1-0 (34) Kamsky,G (2676)-Jumabayev,R (2603) Bastia 2017}) 11... Qc7 12. Qc2 g5 {[#]} (12... a6 $11 {keeps the balance.}) 13. Bg3 (13. Bxg5 $1 $16 b5 14. Bd5 hxg5 15. e5) 13... Nxg3 $11 14. hxg3 Bg4 15. Nf1 e6 16. Be2 Bh5 $146 ({Find the theoretical novelty and annotate with similar games:} 16... Bxf3 17. gxf3 Rab8 {½-½ (31) Hebesberger,T (2351)-Lehner,O (2441) Austria 2015}) 17. Ne3 a6 {[%cal Ba7a6,Ba6b5,Bb5b4,Bb4c3][%mdl 32]} 18. a4 Rab8 19. Ne5 {Nxc6 is the strong threat.} Nxe5 20. Bxh5 c4 21. Be2 b5 22. axb5 axb5 23. Red1 Rfd8 24. b3 Nc6 25. Rac1 {[#]} (25. Rxd8+ $15 Rxd8 26. Rd1) 25... b4 $1 $17 26. Nxc4 bxc3 27. e5 Nxe5 28. Nxe5 Bxe5 29. Bc4 Kg7 30. Kf1 Qc6 (30... Bd4 $19 31. Qe4 Qb6) 31. Qe2 Bf6 32. Rd3 (32. Rxd8 $17 Rxd8 33. Rd1) 32... Rxd3 $19 33. Qxd3 Rd8 34. Qe3 Qd6 35. Qe4 Qa3 36. Rc2 $2 (36. Qb1 $19) 36... Qa1+ {Precision: White = 28%, Black = 65%.} 0-1

[Event "17th Prague Open 2018"]
[Site "Prague"]
[Date "2018.01.17"]
[Round "7"]
[White "Soural, Jan"]
[Black "Solozhenkin, Evgeniy"]
[Result "0-1"]
[WhiteElo "2227"]
[BlackElo "2451"]
[Annotator "TA"]
[PlyCount "64"]
[EventDate "2018.??.??"]
[EventType "swiss"]
[EventCountry "CZE"]
[SourceTitle "playchess.com"]
[Source "ChessBase"]
[SourceQuality "1"]

{[%evp 23,64,0,0,-35,0,-52,-62,-59,-48,-74,-59,-141,-143,-141,-141,-125,-123,-184,-185,-185,-184,-209,-198,-188,-182,-229,-220,-304,-280,-349,-241,-237,-208,-179,-165,-538,-559,-650,-633,-812,-791,-1507,-1499]} 1. d4 Nf6 2. c4 e6 3. Nc3 Bb4 4. Bg5 c5 5. d5 exd5 6. cxd5 d6 7. e3 Nbd7 8. Bd3 Qa5 9. Nge2 Nxd5 10. O-O Bxc3 11. bxc3 c4 12. Bc2 O-O {LiveBook: 38 Games. E30: Nimzo-Indian: Leningrad Variation} 13. Rb1 (13. Bh4 Nxc3 14. Nxc3 Qxc3 15. Rc1 Qa5 16. Qxd6 Qe5 17. Bg3 Qxd6 18. Bxd6 Re8 19. Rfd1 b5 20. a4 a6 21. Rb1 Nf6 22. axb5 axb5 23. Rxb5 Be6 {½-½ (23) Volkov,S (2607)-Tiviakov,S (2613) Algiers 2016}) 13... Re8 14. a4 $146 (14. Qd4 $11) ({Predecessor:} 14. Qd4 Ne5 15. Rfd1 Be6 16. e4 Nb6 17. f4 Nd3 18. a4 Nxa4 19. Bxd3 cxd3 20. Rxd3 {0-1 (54) Ratkovic,M (2380)-Perunovic,M (2425) Kragujevac 2015}) 14... Nxc3 $15 {Black is slightly better.} 15. Nxc3 Qxc3 ({Much weaker is} 15... Qxg5 $6 16. Ne4 $14) 16. Bf4 Ne5 17. Qxd6 ({White should try} 17. Qc1 $15 Qa5 18. Rd1) 17... Qxc2 18. Bxe5 Qxa4 19. Ba1 Qc6 20. Qg3 (20. Qxc6 $17 {was called for.} bxc6 21. Rfc1) 20... f6 $19 {Strongly threatening ...b5.} 21. Rbd1 {[#]} Qe6 $1 22. Rd4 Qf7 23. Rf4 Kh8 24. Rb1 Be6 25. Rb5 Rad8 {[%cal Rd8d1] [#]} 26. Bd4 b6 27. h3 Bd7 28. Rg5 {aiming for Rxg7!} Re6 29. Rgg4 $2 (29. Rd5 {is more resistant.}) 29... Rc6 {Black is clearly winning.} 30. Rh4 c3 {[%cal Bc4c3,Bc3c2][%mdl 32] Threatens to win with ...c2.} 31. Qf3 c2 32. Rxh7+ Kxh7 {Precision: White = 25%, Black = 76%.} 0-1